A szegények hadserege várta a szabadságról hazaérkzett polgármestert a polgármester nyilatkozik az építősztrájkról és a betiltott búcsúkról
Elmentve itt :
| Dokumentumtípus: | Cikk |
|---|---|
| Megjelent: |
1927-08-11
|
| Sorozat: | Délmagyarország
3 No. 183 |
| Kulcsszavak: | Somogyi Szilveszter, Közigazgatás, Szeged |
| Online Access: | http://dmarchiv.bibl.u-szeged.hu/46244 |
| LEADER | 00557nab a2200145 i 4500 | ||
|---|---|---|---|
| 001 | delm46244 | ||
| 005 | 20180927131903.0 | ||
| 008 | 180927s1927 hu o 0|| hun d | ||
| 040 | |a SZTE Délmagyarország Archívum |b hun | ||
| 041 | |a hun | ||
| 245 | 0 | 2 | |a A szegények hadserege várta a szabadságról hazaérkzett polgármestert |h [elektronikus dokumentum] : |b a polgármester nyilatkozik az építősztrájkról és a betiltott búcsúkról |
| 260 | |c 1927-08-11 | ||
| 300 | |a 5 | ||
| 490 | 0 | |a Délmagyarország |v 3 No. 183 | |
| 695 | |a Somogyi Szilveszter, Közigazgatás, Szeged | ||